|
|
|
|
| LEADER |
01126nam a2200265 a 4500 |
| 001 |
0016969 |
| 003 |
BD-DhAAL |
| 008 |
091013s2006 njua b 001 0 eng d |
| 020 |
|
|
|a 0131860267
|
| 020 |
|
|
|a 8131711382
|
| 040 |
|
|
|a DLC
|c DLC
|d YDX
|d BAKER
|d DLC
|d BD-DhAAL
|
| 082 |
0 |
0 |
|a 339
|2 22
|
| 100 |
1 |
|
|a Blanchard, Olivier
|q (Olivier J.)
|
| 245 |
0 |
0 |
|a Macroeconomics /
|c Olivier Blanchard.
|
| 250 |
|
|
|a Forth edition.
|
| 260 |
|
|
|a Upper Saddle River, N.J. ;
|a New Delhi :
|b Pearson Prentice Hall,
|c c2006.
|
| 300 |
|
|
|a xxiv, 587, [35] p. :
|b ill. (some col.) ;
|c 26 cm
|
| 504 |
|
|
|a Includes bibliographical references and index.
|
| 526 |
|
|
|a ESS
|x Theophil Nokrek, DCO, Department of ESS
|
| 541 |
1 |
|
|e 00016969
|a Dorlin Kindersley (India) Pvt. Ltd.
|
| 650 |
|
0 |
|a Macroeconomics.
|
| 852 |
4 |
|
|a Ayesha Abed Library
|c General Stacks
|
| 942 |
|
|
|2 ddc
|c BK
|
| 999 |
|
|
|c 4546
|d 4546
|
| 952 |
|
|
|0 0
|1 0
|2 ddc
|4 0
|6 339_BLA_200700000000000
|7 0
|9 4289
|a BRACUL
|b BRACUL
|c GEN
|d 2009-10-13
|e Dorlin Kindersley (India) Pvt. Ltd.
|g 588.12
|l 8
|m 28
|o 339 BLA
|p 3010016969
|r 2019-04-16
|s 2019-01-14
|t 1
|w 2009-10-13
|y BK
|x Requisitioned by Theophil Nokrek, DCO, Department of ESS
|